| 000 | 00736pam a2200241 i 4500 | ||
|---|---|---|---|
| 999 |
_c224 _d224 |
||
| 001 | 1744672 | ||
| 003 | GZU | ||
| 005 | 20200715094237.0 | ||
| 008 | 750813t19761974nyu b 000 0 eng | ||
| 010 | _a 75026899 | ||
| 020 | _a039471900X | ||
| 040 |
_aDLC _cDLC _dDLC |
||
| 050 | 1 | 0 |
_aBF575.G7 _bP56 1976 |
| 082 | 0 | 0 | _a155.9/37 |
| 100 | 1 | _aPincus, Lily. | |
| 245 | 1 | 0 |
_aDeath and the family : _bthe importance of mourning / _cby Lily Pincus. |
| 260 |
_aNew York : _bVintage Books, _c1976, c1974. |
||
| 300 |
_axi, 278 p. ; _c19 cm. |
||
| 504 | _aIncludes bibliographical references. | ||
| 650 | 0 |
_aBereavement _xPsychological aspects. |
|
| 906 |
_a7 _bcbc _corignew _d1 _eocip _f19 _gy-gencatlg |
||
| 942 |
_2lcc _cBK _h575.G7 _iPIN _kBF _m1976 |
||